Countries by Just their Vowels - Statistics

General Stats
  • This quiz has been taken 678 times
    675 since last reset
  • The average score is 9 of 20
Answer Stats
Hint Answer % Correct
O_a_ Oman
96%
E_i_ _ea Eritrea
94%
_e_u Peru
87%
I_a_y Italy
82%
A_ _o_a Angola
69%
A_e_ _ai_a_ Azerbaijan
65%
_e_i_o Mexico
54%
_e_ _a_y Germany
52%
_ _i_a China
45%
_o_o_ _ia Colombia
43%
_a_a_a_ _a_ Madagascar
42%
_u_ _a_y Hungary
31%
_ _i_i_ _i_e_ Philippines
31%
_u_a_ Sudan
28%
_u_ _a_ia Bulgaria
27%
_ _a_i_ Brazil
25%
_e_ _e_ _a_ _ _ Netherlands
20%
_a_i_ _a_ Pakistan
14%
_e_ _a_ _ Denmark
12%
_ _i_ _e_ _a_ _ Switzerland
9%
No matching quizzes found
Score Distribution
Percent of People with Each Score
Percentile by Number Answered
Your Score History
You have not taken this quiz since the last reset